Top 10 Billboard Songs of 2012 - Statistics

General Stats
  • This quiz has been taken 36 times
  • The average score is 6 of 10
Answer Stats
Artist Hints Answer % Correct
Carly Rae Jepsen C___ __ _____ Call Me Maybe
94%
Gotye featuring Kimbra S_______ ____ _ ____ __ ____ Somebody That I Used to Know
84%
Fun featuring Janelle Monáe W_ ___ _____ We Are Young
84%
Maroon 5 featuring Wiz Khalifa P________ Payphone
68%
Nicki Minaj S________ Starships
61%
One Direction W___ _____ ___ _________ What Makes You Beautiful
61%
Rihanna featuring Calvin Harris W_ _____ ____ We Found Love
58%
Ellie Goulding L_____ Lights
52%
The Wanted G___ ___ ____ Glad You Came
48%
Kelly Clarkson S_______ (____ _____'_ ____ ___) Stronger (What Doesn't Kill You)
32%
No matching quizzes found
Score Distribution
Percent of People with Each Score
Percentile by Number Answered
Your Score History
You have not taken this quiz